LEADER 01008nam0 22002651i 450 001 UON00338588 005 20231205104249.472 100 $a20091015d1923 |0itac50 ba 101 $apor 102 $aPT 105 $a|||| 1|||| 200 1 $aHistóra da língua portuguesa$fJosé Pereira Tavres 210 $aLisboa$cLivraria Universal$d1923 215 $a106 p.$d19 cm. 606 $aLINGUA PORTOGHESE$xStoria$3UONC039968$2FI 620 $aPT$dLisboa$3UONL003135 676 $a469.700 9$cLingua portoghese. Storia, geografia, persone$v21 700 1$aTAVARES$bJosé Pereira$3UONV128107$0702064 712 $aUniversal$3UONV268547$4650 801 $aIT$bSOL$c20240220$gRICA 899 $aSIBA - SISTEMA BIBLIOTECARIO DI ATENEO$2UONSI 912 $aUON00338588 950 $aSIBA - SISTEMA BIBLIOTECARIO DI ATENEO$dSI Port Ling II 0178 $eSI SP 1175/1 5 0178 996 $aHistóra da língua portuguesa$91363049 997 $aUNIOR